Zmluva o faktoringu

Historický vývoj foriem faktoringovej zmluvy. Pojem zmluvy o faktoringu. Právne pramene, právna povaha zmluvy o faktoringu a jej základné znaky. Vznik zmluvy o faktoringu. Účinky zmluvy o faktoringu. Ekonomické funkcie o faktoringu. Druhy faktoringu.

Guardado en:
Detalles Bibliográficos
Autor principal: Vitéz, Miroslav
Formato: Capítulo de libro
Lenguaje:eslovaco
Materias:
Etiquetas: Agregar Etiqueta
Sin Etiquetas, Sea el primero en etiquetar este registro!

MARC

LEADER 00000naa a2200000 4500
001 0141652
005 20231208095517.8
041 0 |a slo 
044 |a SK 
245 1 0 |a Zmluva o faktoringu  |c Miroslav Vitéz 
520 |a Historický vývoj foriem faktoringovej zmluvy. Pojem zmluvy o faktoringu. Právne pramene, právna povaha zmluvy o faktoringu a jej základné znaky. Vznik zmluvy o faktoringu. Účinky zmluvy o faktoringu. Ekonomické funkcie o faktoringu. Druhy faktoringu. 
610 2 0 |a faktoring 
610 2 0 |a história 
610 2 0 |a úpravy právne 
610 2 0 |a zmluvy 
610 2 0 |a zdroje finančné 
100 1 |a Vitéz, Miroslav